Madhyamik shiksha board Rajasthan: Sansthaon ki suchi (HIN) (Record no. 158073)

MARC details
000 -LEADER
fixed length control field 00426nam a2200145Ia 4500
005 - DATE AND TIME OF LATEST TRANSACTION
control field 20240821160313.0
008 - FIXED-LENGTH DATA ELEMENTS--GENERAL INFORMATION
fixed length control field 240821s9999||||xx |||||||||||||| ||und||
082 ## - DEWEY DECIMAL CLASSIFICATION NUMBER
Classification number 373.544 RAJ
100 ## - MAIN ENTRY--PERSONAL NAME
Personal name Rajasthan Madhyamik Shiksha Board
245 #0 - TITLE STATEMENT
Title Madhyamik shiksha board Rajasthan: Sansthaon ki suchi (HIN)
260 ## - PUBLICATION, DISTRIBUTION, ETC.
Place of publication, distribution, etc. Rajasthan
Name of publisher, distributor, etc. Madhyamik Shiksha Board
Date of publication, distribution, etc. 1984
300 ## - PHYSICAL DESCRIPTION
Extent 952p.
650 ## - SUBJECT ADDED ENTRY--TOPICAL TERM
Topical term or geographic name entry element Seondary Education
942 ## - ADDED ENTRY ELEMENTS (KOHA)
Koha item type Book
Holdings
Withdrawn status Lost status Damaged status Not for loan Home library Current library Date acquired Total checkouts Barcode Date last seen Price effective from Koha item type
        Library and Documentation Division NCERT Library and Documentation Division NCERT 08/21/2024   F15847 08/21/2024 08/21/2024 Book